000
00326nam a22001457a 4500
003
OSt
008
250425b |||||||| |||| 00| 0 eng d
020
_a
9781409181637
100
_a
MICHAELIDES,Alex
245
_a
The Silent Patient
260
_a
London
_b
Orion
_c
2019
300
_a
339
650
_a
General
942
_2
ddc
_c
BK
999
_c
13432
_d
13432